Lectures Jacques Roubaud olvassa Szentkuthy Miklóst? /

Elmentve itt :
Bibliográfiai részletek
Szerző: Szigeti Csaba
Dokumentumtípus: Cikk
Megjelent: Pompeji Alapítvány Szeged 1997
Sorozat:Pompeji
Kulcsszavak:Magyar irodalom - esszé
Tárgyszavak:
Online Access:http://acta.bibl.u-szeged.hu/9332
LEADER 00702nab a2200205 i 4500
001 acta9332
005 20250516144651.0
008 161015s1997 hu o 000 hun d
022 |a 0865-5553 
040 |a SZTE Egyetemi Kiadványok Repozitórium  |b hun 
041 |a hun 
100 1 |a Szigeti Csaba 
245 1 0 |a Lectures   |h [elektronikus dokumentum] :  |b Jacques Roubaud olvassa Szentkuthy Miklóst? /  |c  Szigeti Csaba 
260 |a Pompeji Alapítvány  |b Szeged  |c 1997 
300 |a 7-25 
490 0 |a Pompeji 
650 4 |a Bölcsészettudományok 
650 4 |a Nyelvek és irodalom 
695 |a Magyar irodalom - esszé 
856 4 0 |u http://acta.bibl.u-szeged.hu/9332/1/pompeji_1997_001_007-025.pdf  |z Dokumentum-elérés